• 首页
  • 本馆介绍
  • 公告通知
  • 最新文献
  • 馆藏检索
  • 电子资源
  • 读者导购
  • 参考咨询
  • 我的图书馆
  • 登录
  • 详细信息显示
  • 放入我的书架
  • 预约/预借图书
  • 作者相关作品
  • 分类相关作品
  • 丛书相关作品
  • 出版社相关作品

书目信息

  • 表格格式
  • 工作单格式
  • 卡片格式
题名:
美育与美育心理
    
 
作者: 李天道 著
分册:  
出版信息: 北京   中国书籍出版社  2019
页数: 290页
开本: 24cm
丛书名: 博士生导师学术文库
单 册:
中图分类: G40-014 , G44-53 , G40
科图分类:
主题词: 美育--文集 , 美育心理--文集
电子资源:
ISBN: 978-7-5068-7169-3
000 01120nam0 2200289 450
001 2353585348
005 20231120145317.45
010    @a978-7-5068-7169-3@b精装@dCNY95.00
100    @a20190509d2019 em y0chiy50 ea
101 0  @achi
102    @aCN@b110000
105    @ay z 000yy
200 1  @a美育与美育心理@Amei yu yu mei yu xin li@f李天道著
210    @a北京@c中国书籍出版社@d2019
215    @a290页@d24cm
225 1  @a博士生导师学术文库
314    @a李天道,四川省彭州市人,四川师范大学特聘教授,博士生导师等。出版有《普利策新闻奖名篇快读》《普利策新闻奖图语》等专著,曾获四川省阿囧序呃科研成果奖等奖项。
330    @a本书论述了青少年美育教育的具体内容,包括美教育的内容及其美的存在形态和审美的心理运作过程。本书共分为上下两编,十四章,主要内容包括:自然美与美育;自然美的欣赏;人生美与美育人生;艺术美与美育;审美心理过程;审美需要等。
410  0 @12001 @a博士生导师学术文库
606 0  @a美育@j文集
606 0  @a美育心理@j文集
690    @aG40-014@v5
690    @aG44-53@v5
690    @aG40@v4
701  0 @a李天道@Ali tian dao@4著
801  0 @aCN@b91MARC@c20190604
905    @aBZT@dG40@e113
    
    美育与美育心理/李天道著.-北京:中国书籍出版社,2019
    290页;24cm.-(博士生导师学术文库)
    
    
    ISBN 978-7-5068-7169-3(精装):CNY95.00
    本书论述了青少年美育教育的具体内容,包括美教育的内容及其美的存在形态和审美的心理运作过程。本书共分为上下两编,十四章,主要内容包括:自然美与美育;自然美的欣赏;人生美与美育人生;艺术美与美育;审美心理过程;审美需要等。
●
相关链接 在五车中查询图书 在当当中查询图书 在豆瓣中查询图书


正题名:美育与美育心理     索取号:G40/113         预约/预借

序号 登录号 条形码 馆藏地/架位号 状态 备注
1 2000987166   2000987166   中教第一批/山东中教(第一批)/328/ [索取号:G40/113] 在馆    
2 2000987167   2000987167   中教第一批/山东中教(第一批)/328/ [索取号:G40/113] 在馆    
3 2000987168   2000987168   中教第一批/山东中教(第一批)/328/ [索取号:G40/113] 在馆    
4 2000987169   2000987169   中教第一批/山东中教(第一批)/328/ [索取号:G40/113] 在馆    
5 2000987170   2000987170   中教第一批/山东中教(第一批)/328/ [索取号:G40/113] 在馆    
6 2000987171   2000987171   中教第一批/山东中教(第一批)/328/ [索取号:G40/113] 在馆    
山东省滨州职业学院图书馆 欢迎您!
大连网信软件有限公司© 版权所有